|
|
|
|
| LEADER |
00000nam0a2200000 4500 |
| 001 |
223395 |
| 005 |
20260401161024.0 |
| 010 |
|
|
|a 5110015414
|
| 035 |
|
|
|a (RuTPU)RU\TPU\book\243645
|
| 090 |
|
|
|a 223395
|
| 100 |
|
|
|a 20121010d1990 m y0rusy50 ca
|
| 101 |
0 |
|
|a rus
|
| 102 |
|
|
|a UA
|
| 105 |
|
|
|a y z 001zb
|
| 200 |
1 |
|
|a В. И. Ленин -вождь Великого Октября (анализ мемуаров современников)
|f В. П. Тараник
|
| 210 |
|
|
|a Киев
|c Лыбидь
|d 1990
|
| 215 |
|
|
|a 152 с.
|
| 320 |
|
|
|a Библиогр.: с. 127-150.
|
| 600 |
|
1 |
|a Ленин
|b В. И.
|c настоящая фамилия Ульянов
|c российский политический деятель
|f 1870-1924
|g Владимир Ильич
|2 stltpush
|3 (RuTPU)RU\TPU\pers\1074
|9 486
|
| 606 |
|
|
|a Ленин В. И.
|x Воспоминания о В. И. Ленине
|9 87706
|
| 610 |
1 |
|
|a история
|
| 610 |
1 |
|
|a Советская власть
|
| 610 |
1 |
|
|a мемуары
|
| 610 |
1 |
|
|a Октябрьская революция 1917
|
| 610 |
1 |
|
|a вооруженные восстания
|
| 686 |
|
|
|a Т3(2)6-8Ленин35,03
|2 rubbk
|
| 700 |
|
1 |
|a Тараник
|b В. П.
|g Виктор Порфирьевич
|
| 801 |
|
1 |
|a RU
|b 63413507
|c 20121010
|
| 801 |
|
2 |
|a RU
|b 63413507
|c 20121015
|g RCR
|
| 942 |
|
|
|c BK
|